000 01217nam0a2200325 4500
001 RU\NLR\BIBL_A\022772556
005 20260531100218.0
010 _a978-5-00250-529-6
_96000
021 _aRU
_bКН-П-26-010387
_9КН-П-26-0997
035 _a(NLR Aleph) 022772556
090 _a13717873
_c13717873
100 _a20260401d2026 u y0rusy50 ca
101 1 _arus
_ceng
102 _aRU
105 _aa z 000ay
181 0 _ai3
_baxxe
182 0 _an
200 1 _aУчитель
_eроман
_fШарлотта Бронте
_gперевод с английского Наталии Флейшман
_g[иллюстрация на титуле: Юлия Широнина]
203 _aТекст
_bвизуальный
_cнепосредственный
210 _aМосква
_cМИФ
_d2026 (печ. 2025)
215 _a318, [1] с.
_cил.
_d21
225 1 _aВечные истории
333 _a16+
686 1 _aШ6(4Вл)57-440.4{Лх1296.1-50}
700 1 _7ca
_8rus
_aБронте
_bШ.
_f1816-1855
_gШарлотта
_9114623
_3RU\NLR\AUTH\774646
702 1 _aШиронина
_bЮ. А.
_gЮлия А
_4440
942 _cBOOK
980 _aNB